[Event "85th Tata Steel Masters 2023"]
[Site "Wijk aan Zee"]
[Date "2023.01.20"]
[Round "6.2"]
[White "Ding, Liren"]
[Black "Aronian, Levon"]
[Result "1/2-1/2"]
[WhiteElo "2811"]
[BlackElo "2735"]
[Annotator "TA"]
[PlyCount "95"]
[EventDate "2023.01.10"]
[EventType "tourn"]
[EventCountry "NED"]
[SourceTitle "playchess.com"]
[Source "ChessBase"]
[SourceQuality "1"]

1. e4 e5 2. Nf3 Nc6 3. Bc4 Nf6 4. d3 Bc5 5. O-O O-O 6. h3 d6 7. c3 Bb6 8. Re1 Ne7 9. d4 exd4 10. cxd4 d5 11. exd5 h6 12. a4 Ba5 13. Nc3 Nexd5 14. Nxd5 Nxd5 15. Bd2 Bxd2 16. Qxd2 Be6 17. a5 a6 18. Ne5 Re8 19. Nd3 Qf6 20. Re5 Ne7 21. Bxe6 fxe6 22. Qe3 Nf5 23. Qe4 Rad8 24. Ra4 Nd6 25. Qe2 Nf7 26. Re4 Nd6 27. Rf4 Qg5 28. Rg4 Qb5 29. Qc2 Re7 30. b3 Qf5 31. Rf4 Qg6 32. Rg4 Qf5 33. Rf4 Qg6 34. Qe2 Qg5 35. h4 Qb5 36. Qc2 Nf5 37. Qc3 Rd5 38. h5 Red7 39. g4 Ne7 40. Nc5 e5 41. Nxd7 exf4 42. Ne5 Qe2 43. Qxc7 Qe1+ 44. Kg2 Qe4+ 45. Kh2 Qe2 46. Kg1 Qe1+ 47. Kg2 Qe4+ 48. Kh2 1/2-1/2

[Event "83rd Tata Steel Masters 2021"]
[Site "Wijk aan Zee"]
[Date "2021.01.22"]
[Round "6.2"]
[White "Vachier-Lagrave, Maxime"]
[Black "Tari, Aryan"]
[Result "1/2-1/2"]
[WhiteElo "2784"]
[BlackElo "2625"]
[Annotator "TA"]
[PlyCount "52"]
[EventDate "2021.01.16"]
[EventType "tourn"]
[EventCountry "NED"]
[SourceTitle "playchess.com"]
[Source "ChessBase"]
[SourceQuality "1"]

1. Nf3 d5 2. g3 g6 3. Bg2 Bg7 4. d4 Nf6 5. O-O O-O 6. c4 c6 7. Qb3 a5 8. Bf4 a4 9. Qb4 dxc4 10. Qxc4 Qa5 11. Na3 Be6 12. Qc1 Bd5 13. Re1 Nbd7 14. Nc4 Qa7 15. Nce5 Nxe5 16. Bxe5 Qb6 17. h4 Rfd8 18. Bf1 Ne4 19. Bxg7 Kxg7 20. Rd1 c5 21. dxc5 Qxc5 22. Qxc5 Nxc5 23. Nd4 Rac8 24. Nc2 e5 25. Nb4 Be6 26. e3 Bg4 1/2-1/2

[Event "82nd Tata Steel Masters 2020"]
[Site "Wijk aan Zee"]
[Date "2020.01.17"]
[Round "6.2"]
[White "Giri, Anish"]
[Black "Kovalev, Vladislav"]
[Result "1-0"]
[WhiteElo "2768"]
[BlackElo "2660"]
[Annotator "TA"]
[PlyCount "101"]
[EventDate "2020.01.11"]
[EventType "tourn"]
[EventCountry "NED"]
[SourceTitle "playchess.com"]
[Source "ChessBase"]
[SourceQuality "1"]

1. e4 e5 2. Nf3 Nc6 3. Bc4 Bc5 4. c3 Nf6 5. d3 d6 6. Bg5 h6 7. Bh4 a6 8. Nbd2 Ba7 9. O-O O-O 10. a4 g5 11. Bg3 Kg7 12. Re1 Nh7 13. b4 h5 14. h3 h4 15. Bh2 g4 16. hxg4 Bxg4 17. b5 Ne7 18. d4 Ng6 19. bxa6 bxa6 20. Nf1 exd4 21. cxd4 Bxf3 22. gxf3 f5 23. Ne3 fxe4 24. fxe4 Qg5+ 25. Kh1 Rxf2 26. Nf5+ Kh8 27. Rg1 Rxh2+ 28. Kxh2 Qf4+ 29. Kh3 Ng5+ 30. Rxg5 Qxg5 31. Qg1 Nf4+ 32. Kh2 Qxg1+ 33. Rxg1 d5 34. Bxd5 Nxd5 35. exd5 Re8 36. Kh3 Bb6 37. Kxh4 Rd8 38. Rg5 Kh7 39. Rh5+ Kg6 40. Ne7+ Kf6 41. Nc6 Re8 42. Re5 Rh8+ 43. Kg4 a5 44. Rf5+ Kg6 45. Ne5+ Kg7 46. Rg5+ Kh7 47. Rh5+ Kg7 48. Rxh8 Kxh8 49. Nc4 Kg7 50. Kf5 Kf7 51. d6 1-0

[Event "84th Tata Steel Masters 2022"]
[Site "Wijk aan Zee"]
[Date "2022.01.21"]
[Round "6.2"]
[White "Vidit, Santosh Gujrathi"]
[Black "Duda, Jan-Krzysztof"]
[Result "1/2-1/2"]
[WhiteElo "2727"]
[BlackElo "2760"]
[Annotator "TA"]
[PlyCount "72"]
[EventDate "2022.01.15"]
[EventType "tourn"]
[EventCountry "NED"]
[SourceTitle "playchess.com"]
[Source "ChessBase"]
[SourceQuality "1"]

1. d4 Nf6 2. c4 e6 3. Nf3 d5 4. Nc3 c5 5. cxd5 Nxd5 6. e4 Nxc3 7. bxc3 cxd4 8. cxd4 Bb4+ 9. Bd2 Bxd2+ 10. Qxd2 O-O 11. Bc4 Nd7 12. O-O b6 13. Rad1 Bb7 14. Rfe1 Rc8 15. Bb3 Re8 16. h3 Nf6 17. Qf4 Qc7 18. Ne5 Re7 19. Qh4 b5 20. Rd3 a5 21. Rg3 Nxe4 22. Rxe4 Bxe4 23. Qxe4 a4 24. Bd1 f6 25. Nd3 Qd6 26. Nc5 Rxc5 27. Qa8+ Kf7 28. dxc5 Qxd1+ 29. Kh2 Qd4 30. c6 Rc7 31. Qh8 f5 32. Qxh7 b4 33. Qh5+ Ke7 34. Qh8 Kf7 35. Qh5+ Ke7 36. Qh8 Kf7 1/2-1/2

[Event "85th Tata Steel Challengers 2023"]
[Site "Wijk aan Zee"]
[Date "2023.01.20"]
[Round "6.2"]
[White "Pechac, Jergus"]
[Black "Vaishali, Rameshbabu"]
[Result "0-1"]
[WhiteElo "2637"]
[BlackElo "2425"]
[Annotator "TA"]
[PlyCount "81"]
[EventDate "2023.01.10"]
[EventType "tourn"]
[EventCountry "NED"]
[SourceTitle "playchess.com"]
[Source "ChessBase"]
[SourceQuality "1"]

1. d4 Nf6 2. c4 g6 3. Nc3 d5 4. cxd5 Nxd5 5. e4 Nxc3 6. bxc3 Bg7 7. Be3 c5 8. Rc1 Qa5 9. Qd2 cxd4 10. cxd4 Qxd2+ 11. Bxd2 O-O 12. Nf3 b6 13. Bd3 Ba6 14. Ke2 Rd8 15. Bxa6 Nxa6 16. Rc4 Rac8 17. Rhc1 Rxc4 18. Rxc4 e6 19. Bg5 f6 20. Be3 Rd7 21. Bf4 g5 22. Bg3 Bf8 23. a3 Rb7 24. e5 g4 25. Nd2 f5 26. Rc6 Kf7 27. Nc4 Nc7 28. Nd6+ Bxd6 29. exd6 Nd5 30. Be5 Rb8 31. h3 b5 32. Kd2 h5 33. Kc2 Ra8 34. Kb3 Ke8 35. Rc1 Kd7 36. Rh1 a5 37. a4 bxa4+ 38. Ka3 Rb8 39. Kxa4 Nb6+ 40. Kb5 Nc8+ 41. Kc5 0-1

[Event "84th Tata Steel Challengers 2022"]
[Site "Wijk aan Zee"]
[Date "2022.01.21"]
[Round "6.2"]
[White "Murzin, Volodar"]
[Black "Nguyen, Thai Dai Van"]
[Result "1/2-1/2"]
[WhiteElo "2519"]
[BlackElo "2609"]
[Annotator "TA"]
[PlyCount "99"]
[EventDate "2022.01.15"]
[EventType "tourn"]
[EventCountry "NED"]
[SourceTitle "playchess.com"]
[Source "ChessBase"]
[SourceQuality "1"]

1. e4 e5 2. Nf3 Nc6 3. Bb5 a6 4. Ba4 Nf6 5. O-O b5 6. Bb3 Bc5 7. c3 d6 8. a4 Rb8 9. d4 Bb6 10. a5 Ba7 11. h3 Bb7 12. Be3 Nxe4 13. d5 Bxe3 14. dxc6 Nxf2 15. Qe2 Nxh3+ 16. Kh1 Nf2+ 17. Rxf2 Bxf2 18. Qxf2 Bxc6 19. Nxe5 Bxg2+ 20. Kg1 Qf6 21. Nxf7 Qxf2+ 22. Kxf2 Rf8 23. Kxg2 Rxf7 24. Bxf7+ Kxf7 25. Nd2 b4 26. c4 Re8 27. Kf3 g5 28. Ne4 Kg6 29. Ke3 Re5 30. Kd4 Rf5 31. c5 d5 32. Ng3 Rf3 33. Kxd5 Rxg3 34. Kc6 Rg2 35. Kxc7 Rc2 36. Kb6 g4 37. Rd1 Kg5 38. Rd5+ Kf4 39. Kxa6 g3 40. Kb5 g2 41. Rd1 Rf2 42. Rg1 Kg3 43. a6 h5 44. a7 Rf8 45. c6 h4 46. c7 h3 47. Rc1 Rc8 48. Ra1 Ra8 49. Rc1 Rc8 50. Ra1 1/2-1/2

[Event "86th Tata Steel Tienkamp 2024"]
[Site "Wijk aan Zee"]
[Date "2024.01.24"]
[Round "6.2"]
[White "De Winter, Arthur"]
[Black "Pijpers, Arthur"]
[Result "1/2-1/2"]
[WhiteElo "2409"]
[BlackElo "2441"]
[Annotator "TA"]
[PlyCount "126"]
[EventDate "2024.01.02"]
[EventType "tourn"]
[EventCountry "NED"]
[SourceTitle "playchess.com"]
[Source "ChessBase"]
[SourceQuality "1"]

1. e4 c5 2. Nf3 d6 3. d4 cxd4 4. Nxd4 Nf6 5. Nc3 g6 6. Be3 Bg7 7. f3 Nc6 8. Qd2 O-O 9. O-O-O d5 10. exd5 Nxd5 11. Nxc6 bxc6 12. Bd4 Bxd4 13. Qxd4 Qb6 14. Na4 Qc7 15. Bc4 Nb6 16. Bb3 Nxa4 17. Qxa4 c5 18. h4 h5 19. g4 c4 20. Qxc4 Qxc4 21. Bxc4 hxg4 22. Rhg1 gxf3 23. Rxg6+ Kh7 24. Rg3 Bf5 25. Bd3 Bxd3 26. Rxd3 f2 27. Rgf3 Kg6 28. Rd7 Rfe8 29. Rxf2 f5 30. c4 Kf6 31. c5 Rh8 32. Rd4 Rac8 33. b4 Ke5 34. Rc4 Kd5 35. Rcf4 e6 36. Kc2 Rcg8 37. Rd2+ Ke5 38. Rc4 Rg4 39. Kc3 Rxc4+ 40. Kxc4 f4 41. c6 f3 42. Kc5 Kf4 43. c7 Rc8 44. Kc6 e5 45. Rd8 Rxc7+ 46. Kxc7 e4 47. Re8 f2 48. Rf8+ Kg3 49. h5 e3 50. h6 e2 51. h7 e1=Q 52. h8=Q Qe7+ 53. Kc8 Qe6+ 54. Kb7 Qb6+ 55. Ka8 Qc6+ 56. Kxa7 Qa4+ 57. Kb6 Qxb4+ 58. Kc7 Qc5+ 59. Kd7 Qd5+ 60. Kc7 Qc5+ 61. Kd7 Qd5+ 62. Ke7 Qc5+ 63. Kd7 Qd5+ 1/2-1/2

[Event "Tata Steel Tienkampen 2023"]
[Site "Wijk aan Zee"]
[Date "2023.01.25"]
[Round "6.2"]
[White "Martins, Vinicius Tine"]
[Black "Pijpers, Arthur"]
[Result "1/2-1/2"]
[WhiteElo "2320"]
[BlackElo "2445"]
[Annotator "TA"]
[PlyCount "89"]
[EventDate "2023.01.20"]
[EventType "swiss"]
[EventCountry "NED"]
[SourceTitle "playchess.com"]
[Source "ChessBase"]
[SourceQuality "1"]

1. Nf3 d5 2. e3 Nf6 3. c4 c6 4. b3 Bf5 5. Be2 h6 6. Ba3 g5 7. O-O Bg7 8. d4 Nbd7 9. Nc3 Ne4 10. Nxe4 dxe4 11. Nd2 c5 12. Bb2 cxd4 13. Bxd4 Bxd4 14. exd4 Nf6 15. d5 Qd6 16. Re1 O-O 17. Nf1 Bg6 18. Qd2 e6 19. dxe6 Qxe6 20. Rad1 Rad8 21. Qe3 b6 22. Rd2 Rfe8 23. Red1 Rxd2 24. Qxd2 Bh5 25. Ne3 Bxe2 26. Qxe2 Re7 27. h4 gxh4 28. Nd5 Nxd5 29. cxd5 Qg6 30. Qe3 f5 31. d6 Rd7 32. Qc3 Kh7 33. Qe5 h3 34. g3 h2+ 35. Kxh2 Qh5+ 36. Kg2 Qf3+ 37. Kh2 Qh5+ 38. Kg2 Qf3+ 39. Kh2 Qxf2+ 40. Kh3 h5 41. Qe8 Rg7 42. Qxh5+ Kg8 43. Qe8+ Kh7 44. Qh5+ Kg8 45. Qe8+ 1/2-1/2

[Event "85th Tata Steel Masters 2023"]
[Site "Wijk aan Zee"]
[Date "2023.01.20"]
[Round "6.3"]
[White "Giri, Anish"]
[Black "Erigaisi Arjun"]
[Result "1/2-1/2"]
[WhiteElo "2764"]
[BlackElo "2722"]
[Annotator "TA"]
[PlyCount "90"]
[EventDate "2023.01.10"]
[EventType "tourn"]
[EventCountry "NED"]
[SourceTitle "playchess.com"]
[Source "ChessBase"]
[SourceQuality "1"]

1. c4 e6 2. Nc3 d5 3. d4 c6 4. e3 Nf6 5. Nf3 Nbd7 6. Bd3 dxc4 7. Bxc4 b5 8. Bd3 Bb7 9. O-O a6 10. e4 c5 11. d5 c4 12. Bc2 Qc7 13. Qe2 O-O-O 14. dxe6 fxe6 15. e5 Nd5 16. Nxd5 Bxd5 17. Bg5 Re8 18. b3 Bc5 19. bxc4 bxc4 20. Rac1 Rhf8 21. Be4 h6 22. Bh4 Kb8 23. Bxd5 exd5 24. Bg3 Ka8 25. Qd2 Nb6 26. a4 Qc6 27. Rfd1 Nxa4 28. Ra1 Rb8 29. e6 Rb4 30. Nd4 Qb7 31. Nc2 c3 32. Qxd5 Qxd5 33. Rxd5 Rb2 34. h4 Rxc2 35. Rxa4 Bxf2+ 36. Kh2 Rd2 37. e7 Bxg3+ 38. Kxg3 Re8 39. Rxd2 cxd2 40. Rxa6+ Kb7 41. Rd6 Rxe7 42. Rxd2 Kc7 43. Kf4 Rd7 44. Ra2 Kd8 45. Kf5 Rd6 1/2-1/2

[Event "83rd Tata Steel Masters 2021"]
[Site "Wijk aan Zee"]
[Date "2021.01.22"]
[Round "6.3"]
[White "Van Foreest, Jorden"]
[Black "Anton Guijarro, David"]
[Result "1-0"]
[WhiteElo "2671"]
[BlackElo "2679"]
[Annotator "TA"]
[PlyCount "73"]
[EventDate "2021.01.16"]
[EventType "tourn"]
[EventCountry "NED"]
[SourceTitle "playchess.com"]
[Source "ChessBase"]
[SourceQuality "1"]

1. e4 e5 2. Nf3 Nc6 3. Bb5 a6 4. Ba4 Nf6 5. O-O Be7 6. d3 b5 7. Bb3 d6 8. c3 O-O 9. h3 h6 10. a4 Bd7 11. Bc2 b4 12. Nbd2 Re8 13. a5 Bf8 14. Re1 Rb8 15. d4 bxc3 16. bxc3 exd4 17. cxd4 Nb4 18. Bb1 g6 19. Ra3 Bg7 20. Nf1 Rb5 21. Ng3 Nh5 22. Nxh5 Rxh5 23. d5 c5 24. Bf4 Bb2 25. Rae3 Qf6 26. Bg3 c4 27. Qe2 Bb5 28. e5 Bxe5 29. Nxe5 dxe5 30. Bxe5 Rexe5 31. Rxe5 c3 32. Qe3 c2 33. Rxh5 gxh5 34. Bxc2 Nxc2 35. Qe5 Kg7 36. Re4 Bd3 37. Qg3+ 1-0

[Event "82nd Tata Steel Masters 2020"]
[Site "Wijk aan Zee"]
[Date "2020.01.17"]
[Round "6.3"]
[White "Van Foreest, Jorden"]
[Black "Anand, Viswanathan"]
[Result "1/2-1/2"]
[WhiteElo "2644"]
[BlackElo "2758"]
[Annotator "TA"]
[PlyCount "68"]
[EventDate "2020.01.11"]
[EventType "tourn"]
[EventCountry "NED"]
[SourceTitle "playchess.com"]
[Source "ChessBase"]
[SourceQuality "1"]

1. e4 e5 2. Nf3 Nc6 3. Nc3 Nf6 4. Bb5 Nd4 5. Bc4 c6 6. Nxe5 d5 7. exd5 Bd6 8. Nf3 Qe7+ 9. Kf1 Nxf3 10. Qxf3 O-O 11. dxc6 Re8 12. Qe2 Qd8 13. Qd1 bxc6 14. d3 Rb8 15. h3 Be5 16. Bb3 c5 17. Be3 Qc7 18. Qd2 Ba6 19. Re1 c4 20. dxc4 Bxc4+ 21. Bxc4 Qxc4+ 22. Qd3 Qxd3+ 23. cxd3 Rxb2 24. d4 Bc7 25. Re2 Rbb8 26. g3 Ba5 27. Na4 Nd5 28. Nc5 Bc3 29. Nb3 a5 30. Bc1 Rxe2 31. Kxe2 a4 32. Nc5 Bxd4 33. Ne4 Re8 34. Kf3 Nc3 1/2-1/2

[Event "85th Tata Steel Challengers 2023"]
[Site "Wijk aan Zee"]
[Date "2023.01.20"]
[Round "6.3"]
[White "Supi, Luis Paulo"]
[Black "Sindarov, Javokhir"]
[Result "1/2-1/2"]
[WhiteElo "2608"]
[BlackElo "2654"]
[Annotator "TA"]
[PlyCount "84"]
[EventDate "2023.01.10"]
[EventType "tourn"]
[EventCountry "NED"]
[SourceTitle "playchess.com"]
[Source "ChessBase"]
[SourceQuality "1"]

1. e4 e5 2. Nf3 Nc6 3. Bc4 Nf6 4. d3 Bc5 5. h3 O-O 6. Nc3 a6 7. a4 d6 8. Bg5 h6 9. Bh4 Be6 10. Nd5 g5 11. Nxf6+ Qxf6 12. Bxe6 Qxe6 13. Bg3 Ne7 14. h4 g4 15. Nd2 h5 16. O-O f5 17. exf5 Nxf5 18. Ne4 Ba7 19. Kh2 d5 20. Ng5 Qf6 21. Qe2 Rae8 22. Rae1 c6 23. c4 Bd4 24. Qd1 Qd6 25. cxd5 cxd5 26. Qb3 Re7 27. Ne4 Qe6 28. Nc3 Ref7 29. Qd1 Nxg3 30. fxg3 Bf2 31. Rxf2 Rxf2 32. d4 e4 33. Qb3 Qf7 34. Nd1 Rd2 35. Qe3 Rc2 36. Qg5+ Kh7 37. Ne3 Rf2 38. Rc1 Rg8 39. Qe5 Re8 40. Qg5 Rg8 41. Qe5 Re8 42. Qg5 Rg8 1/2-1/2

[Event "Tata Steel Tienkampen 2023"]
[Site "Wijk aan Zee"]
[Date "2023.01.25"]
[Round "6.3"]
[White "Zwirs, Nico"]
[Black "Van der Werf, Mark"]
[Result "1-0"]
[WhiteElo "2467"]
[BlackElo "2412"]
[Annotator "TA"]
[PlyCount "107"]
[EventDate "2023.01.20"]
[EventType "swiss"]
[EventCountry "NED"]
[SourceTitle "playchess.com"]
[Source "ChessBase"]
[SourceQuality "1"]

1. Nf3 Nf6 2. c4 b6 3. d4 Bb7 4. Nc3 e6 5. a3 Ne4 6. Nxe4 Bxe4 7. Nd2 Bg6 8. g3 d5 9. Bg2 Be7 10. e4 dxc4 11. Nxc4 Nd7 12. O-O O-O 13. Qe2 c5 14. dxc5 Bxc5 15. Rd1 Qc7 16. b4 Be7 17. Bf4 e5 18. Bh3 Rfd8 19. Rxd7 Rxd7 20. Nxe5 Rd6 21. Nc4 Bh5 22. Qxh5 Qxc4 23. Rc1 Qd4 24. Bxd6 Bxd6 25. Rd1 Qe5 26. Qxe5 Bxe5 27. Rd7 Bb2 28. a4 a5 29. bxa5 bxa5 30. Bf1 f6 31. Bc4+ Kh8 32. Bd5 Re8 33. h4 g6 34. f4 Ba3 35. Kg2 Bb4 36. Kf3 Be1 37. Rc7 Rd8 38. Rc1 Bb4 39. g4 f5 40. gxf5 gxf5 41. Rc7 h6 42. Rf7 fxe4+ 43. Bxe4 Rf8 44. Rh7+ Kg8 45. Bg6 Bd2 46. f5 Rf6 47. Ke4 Rb6 48. Rc7 Be1 49. h5 Bg3 50. Ra7 Be1 51. Rc7 Bg3 52. Rh7 Rb4+ 53. Kd5 Rxa4 54. f6 1-0

[Event "84th Tata Steel Challengers 2022"]
[Site "Wijk aan Zee"]
[Date "2022.01.21"]
[Round "6.3"]
[White "Vogel, Roven"]
[Black "Jumabayev, Rinat"]
[Result "1/2-1/2"]
[WhiteElo "2452"]
[BlackElo "2631"]
[Annotator "TA"]
[PlyCount "80"]
[EventDate "2022.01.15"]
[EventType "tourn"]
[EventCountry "NED"]
[SourceTitle "playchess.com"]
[Source "ChessBase"]
[SourceQuality "1"]

1. Nf3 d6 2. d4 Nf6 3. c4 g6 4. Nc3 Bg7 5. e4 O-O 6. Be2 e5 7. O-O Nbd7 8. Re1 Re8 9. Bf1 exd4 10. Nxd4 c6 11. Nc2 Nb6 12. Bg5 h6 13. Bh4 Be6 14. Ne3 Nbd7 15. Rb1 a5 16. Bd3 Qb6 17. Kh1 Nh5 18. Ncd5 Bxd5 19. cxd5 Ndf6 20. dxc6 bxc6 21. Ng4 Qd4 22. Bxf6 Nxf6 23. Nxf6+ Bxf6 24. Qc2 Kg7 25. b3 h5 26. Rbd1 Qb6 27. Bc4 Rad8 28. g3 h4 29. Kg2 Rh8 30. f4 hxg3 31. hxg3 Qc5 32. Bd3 Bc3 33. Rh1 Rxh1 34. Rxh1 Qd4 35. Rd1 Bb4 36. Bc4 Qf6 37. e5 dxe5 38. fxe5 Qg5 39. Rxd8 Qxd8 40. Qf2 Qd2 1/2-1/2

[Event "82nd Tata Steel Qualifiers 2020"]
[Site "Wijk aan Zee"]
[Date "2020.01.22"]
[Round "6.3"]
[White "De Boer, Eelke"]
[Black "Vogel, Roven"]
[Result "0-1"]
[WhiteElo "2324"]
[BlackElo "2465"]
[Annotator "TA"]
[PlyCount "56"]
[EventDate "2020.01.18"]
[EventCountry "NED"]
[SourceTitle "playchess.com"]
[Source "ChessBase"]
[SourceQuality "1"]

1. e4 c5 2. Nf3 d6 3. d4 cxd4 4. Nxd4 Nf6 5. Nc3 Nc6 6. Bg5 e6 7. Qd2 a6 8. O-O-O Bd7 9. f3 Nxd4 10. Qxd4 Be7 11. h4 b5 12. Kb1 Qc7 13. Qd2 b4 14. Ne2 a5 15. Nd4 Qb7 16. h5 a4 17. Be3 e5 18. Nf5 Bxf5 19. exf5 h6 20. g4 a3 21. b3 d5 22. Bg2 Rd8 23. f4 Ne4 24. Bxe4 dxe4 25. Qf2 exf4 26. Qxf4 O-O 27. Bd4 Bg5 28. Qf2 Rfe8 0-1

[Event "86th Tata Steel Tienkamp 2024"]
[Site "Wijk aan Zee"]
[Date "2024.01.24"]
[Round "6.3"]
[White "Baselmans, Luuk"]
[Black "Abdulla, Murad"]
[Result "1-0"]
[WhiteElo "2323"]
[BlackElo "2332"]
[Annotator "TA"]
[PlyCount "75"]
[EventDate "2024.01.02"]
[EventType "tourn"]
[EventCountry "NED"]
[SourceTitle "playchess.com"]
[Source "ChessBase"]
[SourceQuality "1"]

1. e4 g6 2. d4 Bg7 3. Nc3 a6 4. h4 h5 5. Be3 b5 6. Nh3 Bb7 7. Ng5 d6 8. g4 hxg4 9. Qxg4 Nd7 10. Bh3 Ngf6 11. Qg2 Nf8 12. O-O-O e6 13. d5 Qe7 14. dxe6 fxe6 15. f4 O-O-O 16. Qd2 Kb8 17. Bg2 N8d7 18. Qe2 Nh5 19. Rh3 Nb6 20. e5 d5 21. Bxb6 cxb6 22. Qg4 Bc8 23. Ne2 Bd7 24. Kb1 Rc8 25. Rc3 Rhf8 26. Rxc8+ Bxc8 27. Nd4 Bd7 28. Rf1 Bh6 29. Ngxe6 Nxf4 30. Nxf8 Bxg4 31. Nc6+ Kc7 32. Nxe7 Nxg2 33. Nxd5+ Kc6 34. Nb4+ Kc5 35. Nd3+ Kd5 36. Nxg6 Ne3 37. Rf6 Bg7 38. Ne7+ 1-0

[Event "82nd Tata Steel Masters 2020"]
[Site "Wijk aan Zee"]
[Date "2020.01.17"]
[Round "6.4"]
[White "So, Wesley"]
[Black "Duda, Jan-Krzysztof"]
[Result "1/2-1/2"]
[WhiteElo "2765"]
[BlackElo "2758"]
[Annotator "TA"]
[PlyCount "67"]
[EventDate "2020.01.11"]
[EventType "tourn"]
[EventCountry "NED"]
[SourceTitle "playchess.com"]
[Source "ChessBase"]
[SourceQuality "1"]

1. d4 Nf6 2. c4 e6 3. Nf3 d5 4. g3 dxc4 5. Bg2 a6 6. O-O Nc6 7. e3 Bd7 8. a4 Bd6 9. a5 Nb4 10. Na3 Bb5 11. Nd2 Bc6 12. Ndxc4 Bxg2 13. Kxg2 O-O 14. f3 Be7 15. Bd2 Nc6 16. Qb3 Rb8 17. Bc3 b5 18. axb6 cxb6 19. Nc2 Qc8 20. e4 b5 21. Na5 Nxa5 22. Bxa5 Qb7 23. Rfd1 Rfc8 24. Ne3 Nd7 25. h4 Bf8 26. Rac1 Rxc1 27. Rxc1 Rc8 28. Rc3 Nb8 29. Bb4 Rxc3 30. Qxc3 Qc6 31. Bxf8 Qxc3 32. bxc3 Kxf8 33. Kf2 Ke7 34. Ke2 1/2-1/2

[Event "84th Tata Steel Masters 2022"]
[Site "Wijk aan Zee"]
[Date "2022.01.21"]
[Round "6.4"]
[White "Dubov, Daniil"]
[Black "Esipenko, Andrey"]
[Result "1/2-1/2"]
[WhiteElo "2720"]
[BlackElo "2714"]
[Annotator "TA"]
[PlyCount "84"]
[EventDate "2022.01.15"]
[EventType "tourn"]
[EventCountry "NED"]
[SourceTitle "playchess.com"]
[Source "ChessBase"]
[SourceQuality "1"]

1. Nf3 Nf6 2. g3 d5 3. Bg2 e6 4. O-O Be7 5. d4 O-O 6. c4 dxc4 7. Qa4 a6 8. Qxc4 b5 9. Qc2 Bb7 10. Bd2 Be4 11. Qc1 Bb7 12. Bf4 Nd5 13. Nc3 Nxf4 14. Qxf4 Nd7 15. Rfd1 Bd6 16. Ne5 Bxg2 17. Kxg2 f6 18. Nc6 Qe8 19. Qf3 f5 20. b4 e5 21. dxe5 Nxe5 22. Nxe5 Bxe5 23. Rac1 c6 24. Nb1 Rf6 25. Nd2 a5 26. bxa5 Rxa5 27. Rc5 Ra6 28. Qe3 Re6 29. Qb3 Kh8 30. e4 f4 31. Nf3 Ra8 32. Rdc1 h6 33. g4 Bc7 34. Qc2 Bb6 35. Rxc6 Rxa2 36. Qxa2 Rxc6 37. Rxc6 Qxc6 38. e5 b4 39. Qf7 Qc5 40. Kh3 Qxf2 41. Qe8+ Kh7 42. Ng5+ hxg5 1/2-1/2

[Event "85th Tata Steel Masters 2023"]
[Site "Wijk aan Zee"]
[Date "2023.01.20"]
[Round "6.4"]
[White "Abdusattorov, Nodirbek"]
[Black "Praggnanandhaa R"]
[Result "1/2-1/2"]
[WhiteElo "2713"]
[BlackElo "2684"]
[Annotator "TA"]
[PlyCount "107"]
[EventDate "2023.01.10"]
[EventType "tourn"]
[EventCountry "NED"]
[SourceTitle "playchess.com"]
[Source "ChessBase"]
[SourceQuality "1"]

1. e4 e5 2. Nf3 Nc6 3. Bb5 a6 4. Ba4 Nf6 5. O-O Nxe4 6. d4 b5 7. Bb3 d5 8. dxe5 Be6 9. Be3 Be7 10. Nbd2 Nc5 11. Bxc5 Bxc5 12. Qe2 O-O 13. c3 Qe7 14. Rfe1 Bb6 15. h3 Rad8 16. Bc2 g6 17. a4 b4 18. Nb3 bxc3 19. bxc3 d4 20. a5 Bxb3 21. axb6 Bxc2 22. bxc7 Rc8 23. Qxc2 Rxc7 24. Ra4 Rfc8 25. Qd2 dxc3 26. Qxc3 Nd8 27. Qa1 Ne6 28. Rxa6 Rc2 29. Rd6 Qc7 30. Qa4 Rc4 31. Qa6 Rc1 32. Rdd1 Rxd1 33. Rxd1 Qc2 34. Rd2 Qc1+ 35. Kh2 Qc4 36. Qa3 Qf4+ 37. g3 Qe4 38. Qd3 Qxd3 39. Rxd3 g5 40. Rd5 Rc4 41. Kg2 Kg7 42. Nh2 h5 43. Nf1 h4 44. Ne3 Ra4 45. Nf5+ Kg6 46. Ne7+ Kg7 47. Rd7 hxg3 48. fxg3 Re4 49. Rd5 Ra4 50. Kf2 Ra3 51. Rd1 Nc5 52. Nf5+ Kg6 53. Ne7+ Kg7 54. Nf5+ 1/2-1/2

[Event "84th Tata Steel Challengers 2022"]
[Site "Wijk aan Zee"]
[Date "2022.01.21"]
[Round "6.4"]
[White "Dardha, Daniel"]
[Black "Bjerre, Jonas Buhl"]
[Result "1/2-1/2"]
[WhiteElo "2533"]
[BlackElo "2586"]
[Annotator "TA"]
[PlyCount "243"]
[EventDate "2022.01.15"]
[EventType "tourn"]
[EventCountry "NED"]
[SourceTitle "playchess.com"]
[Source "ChessBase"]
[SourceQuality "1"]

1. e4 c5 2. Nf3 d6 3. d4 cxd4 4. Nxd4 Nf6 5. Nc3 a6 6. Bg5 Nbd7 7. Be3 b5 8. a4 bxa4 9. Be2 Bb7 10. Rxa4 Nc5 11. Rb4 Qa5 12. Rxb7 Nxb7 13. O-O g6 14. b4 Qc7 15. Qa1 Bg7 16. Qa4+ Kf8 17. Nd5 Nxd5 18. exd5 Bf6 19. Qc6 Qb8 20. Bxa6 Nd8 21. Qc4 Kg7 22. b5 e6 23. dxe6 Nxe6 24. Nxe6+ fxe6 25. Qxe6 Re8 26. Qd7+ Re7 27. Qc6 Rc7 28. Qxd6 Rxc2 29. Qd7+ Kh8 30. Bb7 Qd8 31. Qe6 Rb8 32. Be4 Rb2 33. Bc6 Kg7 34. g3 R2xb5 35. Bxb5 Rxb5 36. Rc1 Rd5 37. Kg2 Re5 38. Qc6 Qd5+ 39. Qxd5 Rxd5 40. Rc7+ Kg8 41. Kf3 h5 42. Rb7 Rf5+ 43. Ke4 Re5+ 44. Kd3 Re7 45. Rb5 Kf7 46. h3 Re5 47. Rb4 Re7 48. Ra4 Rd7+ 49. Ke4 Re7+ 50. Kf3 Re6 51. Bc5 Rc6 52. Ra7+ Ke6 53. Be3 Rd6 54. Ke4 Rc6 55. f4 Rc4+ 56. Kd3 Rc3+ 57. Ke2 Rb3 58. Ra6+ Kf7 59. g4 hxg4 60. hxg4 Be7 61. Ra7 Ke8 62. Rc7 Kf8 63. Kf3 Bd6 64. Rc6 Ke7 65. Rc4 Ke6 66. Rc2 Ra3 67. Rc6 Kd7 68. Rc4 Ke6 69. Ke4 Rb3 70. f5+ gxf5+ 71. gxf5+ Kd7 72. Rc2 Rb4+ 73. Kf3 Be5 74. Bg5 Rb5 75. Re2 Bd6 76. Kg4 Rb8 77. Rd2 Rg8 78. Rd1 Kc6 79. f6 Rf8 80. Kf5 Be7 81. Ke6 Bxf6 82. Rc1+ Kb7 83. Bxf6 Rc8 84. Rb1+ Kc6 85. Rd1 Re8+ 86. Be7 Rh8 87. Rc1+ Kb5 88. Bd6 Rh5 89. Be5 Kb4 90. Kd5 Kb5 91. Rb1+ Ka5 92. Kd4 Ka6 93. Bd6 Rb5 94. Bb4 Rb7 95. Kc4 Kb6 96. Bc5+ Kc6 97. Rg1 Kd7 98. Rg6 Rb1 99. Rd6+ Ke8 100. Rd3 Kf7 101. Kd5 Rf1 102. Bd4 Ke7 103. Be5 Rh1 104. Rc3 Rd1+ 105. Ke4 Rd7 106. Kf5 Rb7 107. Rd3 Rd7 108. Rh3 Kf7 109. Rh6 Ke7 110. Rg6 Kf7 111. Bd6 Ke8 112. Re6+ Kd8 113. Rf6 Kc8 114. Ke6 Rh7 115. Rf8+ Kb7 116. Kd5 Rh5+ 117. Be5 Kb6 118. Rb8+ Ka5 119. Rb1 Rg5 120. Rb2 Rh5 121. Rh2 Rxh2 122. Bxh2 1/2-1/2

[Event "85th Tata Steel Challengers 2023"]
[Site "Wijk aan Zee"]
[Date "2023.01.20"]
[Round "6.4"]
[White "Roebers, Eline"]
[Black "Donchenko, Alexander"]
[Result "0-1"]
[WhiteElo "2361"]
[BlackElo "2627"]
[Annotator "TA"]
[PlyCount "54"]
[EventDate "2023.01.10"]
[EventType "tourn"]
[EventCountry "NED"]
[SourceTitle "playchess.com"]
[Source "ChessBase"]
[SourceQuality "1"]

1. e4 c6 2. d4 d5 3. e5 Bf5 4. h4 h5 5. Bd3 Bxd3 6. Qxd3 Qa5+ 7. b4 Qa6 8. Qd1 e6 9. c3 Qb6 10. Nd2 a5 11. bxa5 Qxa5 12. Rh3 Ne7 13. c4 Nf5 14. c5 Qc7 15. Bb2 Nd7 16. Rb3 Nxh4 17. Kf1 Be7 18. Rb1 Rxa2 19. Ne2 Nf5 20. Ba3 Qa5 21. Bb4 Qa8 22. Rh3 g6 23. Nf3 g5 24. Nc3 g4 25. Nxa2 Qxa2 26. Rh1 gxf3 27. gxf3 Nxd4 0-1